Обеспечение показателей надежности изоляции обмоток асинхронных двигателей на стадии изготовления; Тезисы докладов и сообщений заседаний IV секции Научного Совета АН СССР на тему "Электрофизические проблемы старения, долговечности и надежности электрической изоляции при воздействии высоких электрических полей"

Podrobná bibliografie
Parent link:Тезисы докладов и сообщений заседаний IV секции Научного Совета АН СССР на тему "Электрофизические проблемы старения, долговечности и надежности электрической изоляции при воздействии высоких электрических полей".— 1975.— С. 82-83
Hlavní autor: Похолков Ю. П. Юрий Петрович
Další autoři: Бесперстов П. П.
Jazyk:ruština
Vydáno: 1975
Témata:
Médium: MixedMaterials Kapitola
KOHA link:https://koha.lib.tpu.ru/cgi-bin/koha/opac-detail.pl?biblionumber=165198

MARC

LEADER 00000naa2a2200000 4500
001 165198
005 20240914063137.0
035 |a (RuTPU)RU\TPU\book\179209 
035 |a RU\TPU\tpu\15956 
090 |a 165198 
100 |a 20090916d1975 k y0rusy50 ca 
101 0 |a rus 
102 |a RU 
200 1 |a Обеспечение показателей надежности изоляции обмоток асинхронных двигателей на стадии изготовления  |f Ю. П. Похолков, П. П. Бесперстов 
463 1 |0 (RuTPU)RU\TPU\book\179158  |t Тезисы докладов и сообщений заседаний IV секции Научного Совета АН СССР на тему "Электрофизические проблемы старения, долговечности и надежности электрической изоляции при воздействии высоких электрических полей"  |f Академия наук СССР (АН СССР), Отделение физико-технических проблем энергетики, Научный совет по теоретическим и электрофизическим проблемам электроэнергетики ; Томский политехнический университет (ТПУ); ред. Ю. П. Похолков  |v С. 82-83  |d 1975  |p 94 с. 
610 1 |a труды учёных ТПУ 
700 1 |a Похолков  |b Ю. П.  |c специалист в области электротехники, доктор технических наук  |c ректор Томского политехнического университета (1990-2008), профессор  |f 1939-  |g Юрий Петрович  |x TPU  |y Томск  |3 (RuTPU)RU\TPU\pers\10508  |9 2235 
701 1 |a Бесперстов  |b П. П. 
801 1 |a RU  |b 63413507  |c 20090318  |g PSBO 
801 2 |a RU  |b 63413507  |c 20160205  |g PSBO 
942 |c BK